Statistiken für Arminia Bielefeld Kader 23/24

Klicken Sie hier um das Quiz zu spielen!

Allgemein

  • Dieses Quiz wurde 31 mal gespielt
  • Das Durchschnittsergebnis liegt bei 19 aus 26

Antwortstatistiken

Trikot Nr.Spieler% Korrekt
9Klos
100%
19Großer
87%
1Kersken
87%
22Oppermann
83%
5Belkahia
78%
17Biankadi
78%
4Oppie
78%
23Schneider
78%
8Schreck
78%
27Gohlke
74%
29Koch
74%
30Obermeyer
74%
6Özkan
74%
39Wintzheimer
74%
11Yildirim
74%
10Boujellab
70%
40Busse
70%
24Lannert
70%
25Mizuta
70%
34Putaro
70%
7Shipnoski
70%
38Wörl
70%
16Corboz
65%
14Momuluh
65%
37Bazee
61%
28Kiewitt
52%

Verteilung der Resultate

Perzentil nach korrekt beantworteten Fragen

Anzahl Personen mit jedem Resultat

Ihre Resultats-Entwicklung

Sie haben dieses Quiz noch nicht gespielt